'I'-Full States Quiz Stats

 Plays Quiz Updated Apr 6, 2012

Also try: 'I'-Less States
Challenge
Share
Tweet
Embed
Score 0/11 Timer 01:00
7 Plays Today
State % Correct
Mississippi
84.7%
Illinois
81%
California
78.8%
Indiana
77.3%
Michigan
59.6%
Hawaii
59%
Missouri
57.7%
Virginia
54.8%
Louisiana
47.9%
West Virginia
47.9%
Wisconsin
44.9%

You're not logged in!

Compare scores with friends on all Sporcle quizzes.
Join for Free
OR
Log In

You Might Also Like...

Show Comments

Extras

Top Quizzes Today


Score Distribution

Your Account Isn't Verified!

In order to create a playlist on Sporcle, you need to verify the email address you used during registration. Go to your Sporcle Settings to finish the process.

Report this User

Report this user for behavior that violates our Community Guidelines.

Details: